000 00520nam a2200169 i 4500
001 52592
003 ES-MaACL
005 20230906162616.0
007 t|
008 030901s1915 fr ||||1| fre d
100 1 _aChéradame, André.
_938351
245 1 3 _aLa question de'Orient
_b: La Macedoine. Le chemin de fer de Bagdag /
_cAndré Chéradame.
260 _aParis :
_bPlon, Nourrit et Cie,
_c1915.
300 _a297 p. ;
_c19 cm.
650 4 _aCuestión de Oriente (Balcanes)
_9141179
852 _aES-MaACL
_jF-10589
999 _c52592
_d52592